| 000 | 01089nam a2200217Ia 4500 | ||
|---|---|---|---|
| 003 | OSt | ||
| 005 | 20210723122944.0 | ||
| 008 | 210310s1998 darao gr 000 0 spa d | ||
| 040 |
_aCO-JMCR _cCO-JMCR |
||
| 041 | 0 | _aspa | |
| 082 | 0 | 4 |
_a332.098 / _bD773a _223 |
| 110 | 2 |
_aDresdner Bank Lateinamerika _938665 |
|
| 245 | 1 | 0 |
_aAmérica Latina en síntesis : _barticulo de fondo: la banca en américa latina las políticas de estabilidad y las reformas de los sistemas reducen la sensibilidad a las crisis / _cDresdner Bank Lateinamerika |
| 260 |
_aHamburgo : _bDresdner Bank Lateinamerika, _c1998. |
||
| 300 |
_a145 páginas : _bilustraciones, gráficas y mapas a color ; _c21 cm. |
||
| 505 | _aEl intercambio de mercancías entre Alemania y América Latina. -- La banca en América Latina - Las políticas de estabilidad y las reformas de los sistemas reducen la sensibilidad a la crisis. -- Síntesis de países. -- Anexo estadístico. | ||
| 650 | 1 | 4 |
_aBanca _92657 |
| 650 | 2 | 4 |
_aEstadísticas _vVariaciones del PIB _938666 |
| 650 | 2 | 4 |
_aBanca _zAmérica Latina _938667 |
| 942 |
_2ddc _cBK |
||
| 999 |
_c12008 _d12008 |
||